Guess the Fusion Rock Song Lyrics #83 - Statistics

General Stats
  • This quiz has been taken 13 times
  • The average score is 221 of 296
Answer Stats
Answer % Correct
can
100%
I
100%
the
100%
we
100%
We
100%
A
91%
an
91%
And
91%
and
91%
in
91%
is
91%
me
91%
So
91%
They
91%
they
91%
to
91%
To
91%
be
82%
But
82%
for
82%
my
82%
of
82%
On
82%
on
82%
said
82%
sail
82%
that
82%
that's
82%
We'll
82%
we'll
82%
what
82%
away
73%
Come
73%
come
73%
free
73%
Free
73%
got
73%
I'll
73%
I'm
73%
I've
73%
life
73%
Oh
73%
open
73%
out
73%
sailing
73%
sea
73%
Set
73%
Styx
73%
think
73%
this
73%
try
73%
with
73%
aboard
64%
ahead
64%
best
64%
captain
64%
carry
64%
Cause
64%
climb
64%
every
64%
had
64%
look
64%
shore
64%
Some
64%
some
64%
their
64%
thought
64%
tomorrow
64%
virgin
64%
were
64%
angels
55%
board
55%
course
55%
face
55%
forever
55%
goes
55%
head
55%
headed
55%
Lord
55%
search
55%
skies
55%
song
55%
story
55%
above
45%
Appeared
45%
childhood
45%
climbed
45%
dreams
45%
friends
45%
gathering
45%
gold
45%
happy
45%
hope
45%
lads
45%
lived
45%
memory
45%
missed
45%
pot
45%
sad
45%
sang
45%
somehow
45%
starship
45%
surprise
45%
babe
36%
happily
36%
Reflections
36%
spark
36%
waves
36%
No matching quizzes found
Score Distribution
Percent of People with Each Score
Percentile by Number Answered
Your Score History
You have not taken this quiz